| 000 | 00369nam a2200157Ia 4500 | ||
|---|---|---|---|
| 003 | 0STCL | ||
| 008 | 150530s9999 xx 000 0 und d | ||
| 040 |
_aSTCL _cSTCL |
||
| 100 | _aStoll Robert, R. | ||
| 245 | _aSets logic and axiomatic theories | ||
| 260 |
_bW.H.Freeman _c1961 |
||
| 546 | _aEnglish | ||
| 942 |
_2ddc _cBK |
||
| 999 |
_c21472 _d21472 |
||
| 005 | 20220125165921.0 | ||